Statistiques concernant Clubs de la Ligue 1

Cliquez ici pour prendre le quiz!

Statistiques générales

  • Ce quiz a été pris 464 fois
  • Le résultat moyen est 18 sur 20

Statistiques - réponses

Équipe% Correct
Olympique de Marseille
100%
Paris-Saint-Germain
99%
Olympique lyonnais
98%
LOSC Lille
96%
Girondins de Bordeaux
95%
Stade rennais
94%
FC Nantes
94%
Toulouse FC
93%
OGC Nice
92%
Racing Strasbourg
92%
AS Monaco
92%
AS Saint-Étienne
89%
Montpellier HSC
87%
Angers SCO
85%
Stade brestois
82%
Dijon FCO
81%
FC Metz
80%
Amiens SC
80%
Nîmes Olympique
79%
Stade de Reims
79%

Distribution des résultats

Percentile par nombre de réponses

% des personnes avec chaque résultat

Votre développement - résultats

Vous n’avez pas pris ce quiz